Surveying for construction. (Record no. 91087)

MARC details
000 -LEADER
fixed length control field 01135cam a2200361 4500
008 - FIXED-LENGTH DATA ELEMENTS--GENERAL INFORMATION
fixed length control field 090401t1995 xxu||||| |||| 00| 0 eng d
020 ## - INTERNATIONAL STANDARD BOOK NUMBER
International Standard Book Number 0077079981
035 ## - SYSTEM CONTROL NUMBER
System control number (Sirsi) u42372
041 ## - LANGUAGE CODE
Language code of text/sound track or separate title eng
050 ## - LIBRARY OF CONGRESS CALL NUMBER
Classification number 526.902469
100 ## - MAIN ENTRY--PERSONAL NAME
Personal name Irvine, William
245 ## - TITLE STATEMENT
Title Surveying for construction.
250 ## - EDITION STATEMENT
Edition statement 4th ed.
260 ## - PUBLICATION, DISTRIBUTION, ETC.
Place of publication, distribution, etc. London
Name of publisher, distributor, etc. McGraw Hill Book Company (U.K.)
Date of publication, distribution, etc. 1995
300 ## - PHYSICAL DESCRIPTION
Extent x,414p. : ill.,maps ; 30cm.
350 ## - PRICE (NR) (BK AM CF MU VM SE) [OBSOLETE]
Price 16.95
520 ## - SUMMARY, ETC.
Summary, etc. A textbook of surveying methods and techniques aimed at students. Included are chapters on levelling, traverse surveys, tacheometry, radial positioning and mensuration. Questions and answers are provided for each subject area.
520 ## - SUMMARY, ETC.
Summary, etc. Superseded by 5th ed (ISBN 0077111141).
650 ## - SUBJECT ADDED ENTRY--TOPICAL TERM
Topical term or geographic name entry element CONTOURING
650 ## - SUBJECT ADDED ENTRY--TOPICAL TERM
Topical term or geographic name entry element CURVE RANGING
650 ## - SUBJECT ADDED ENTRY--TOPICAL TERM
Topical term or geographic name entry element LEVELLING
650 ## - SUBJECT ADDED ENTRY--TOPICAL TERM
Topical term or geographic name entry element LINEAR SURVEYING
650 ## - SUBJECT ADDED ENTRY--TOPICAL TERM
Topical term or geographic name entry element MAPS
650 ## - SUBJECT ADDED ENTRY--TOPICAL TERM
Topical term or geographic name entry element PLANS
650 ## - SUBJECT ADDED ENTRY--TOPICAL TERM
Topical term or geographic name entry element RADIAL POSITIONING
650 ## - SUBJECT ADDED ENTRY--TOPICAL TERM
Topical term or geographic name entry element TACHOMETRY
650 ## - SUBJECT ADDED ENTRY--TOPICAL TERM
Topical term or geographic name entry element THEODOLITES
650 ## - SUBJECT ADDED ENTRY--TOPICAL TERM
Topical term or geographic name entry element TRAVERSE SURVEYS
650 ## - SUBJECT ADDED ENTRY--TOPICAL TERM
Topical term or geographic name entry element VERTICAL SECTIONS
690 ## - LOCAL SUBJECT ADDED ENTRY--TOPICAL TERM (OCLC, RLIN)
Topical term or geographic name as entry element BUILT ENVIRONMENT
942 ## - ADDED ENTRY ELEMENTS (KOHA)
Suppress in OPAC 0
948 ## - LOCAL PROCESSING INFORMATION (OCLC); SERIES PART DESIGNATOR (RLIN)
c (OCLC) 04/03/1997
Holdings
Withdrawn status Lost status Source of classification or shelving scheme Damaged status Not for loan Home library Current library Shelving location Date acquired Cost, normal purchase price Total Checkouts Full call number Barcode Date last seen Date last checked out Copy number Cost, replacement price Price effective from Koha item type
    Dewey Decimal Classification     Archives Archives Basement 30/05/1995 16.95 5 F526.902469 IRV 30048424 26/04/2024 27/04/2006 2 16.95 06/08/2019 Book
    Dewey Decimal Classification     London London Basement 28/05/1996 16.95 4 SHELF 439 30047863 06/08/2019 27/05/2005 1 16.95 06/08/2019 Book